000 00929cam a22002054a 4500
005 20250605164241.0
008 250528s ||||||||||||||||||||||||d
035 _a21330
020 _a9780596155445
040 _aGR-AtMCL
_bgre
_dGR-AtMCL
_eAACR2
245 1 _aMobile Design and Development
250 _a1st
260 _bO'Reilly Media,
_c2009
300 _a316
520 _aPractical Techniques for Creating Mobile Sites and Web Apps. Preface, A Brief History of Mobile, The Mobile Ecosystem, Why Mobile?, Designing for Context, Developing a Mobile Strategy, Types of Mobile Applications, Mobile Information Architecture, Mobile Design, Mobile Web Apps Versus Native Applications, Mobile 2.0, Mobile Web Development, iPhone Web Apps, Adapting to Devices, Making Money in Mobile, Supporting Devices, The Future of Mobile, Index.
700 1 _aFling Brian
_97382
942 _cBK
999 _c6395
_d6395